Agenda 2017/2018 del medi ambient i el desenvolupament /
Publicado:
Barcelona :
Diputació de Barcelona. Àrea de Territori i Sostenibilitat. Gerència de Serveis de Medi Ambient ,
2017
Descripción Física:
159 pàgines : il·lustracions ; 21 cm
Otros Autores:
Sales, Jordi (Sales i Roqueta)
Idioma:
Catalán
MARC
| LEADER | 00000nam a2200000 a 4500 | ||
|---|---|---|---|
| 001 | 25631 | ||
| 008 | 220524b spa||||| |||| 00| 0 cat d | ||
| 017 | |a DL B 13901-2017 | ||
| 080 | |a Bib-575 | ||
| 245 | |a Agenda 2017/2018 del medi ambient i el desenvolupament / |c dibuix i disseny: Jordi Sales | ||
| 260 | |a Barcelona : |b Diputació de Barcelona. Àrea de Territori i Sostenibilitat. Gerència de Serveis de Medi Ambient, |c juny 2017 | ||
| 300 | |a 159 pàgines : |b il·lustracions ; |c 21 cm | ||
| 650 | |a Desenvolupament sostenible |x Ensenyament |9 49337 | ||
| 650 | 0 | |a Educació ambiental |9 30861 | |
| 655 | 0 | |a Agendes |9 52728 | |
| 700 | |9 50286 |a Sales, Jordi |q (Sales i Roqueta) |e il·lustrador | ||
| 710 | 1 | |a Barcelona (Catalunya : Província). |b Gerència de Serveis de Medi Ambient |9 53088 | |
| 901 | |a Arxiu | ||
| 942 | |n 1 |2 udc |c ARXIU | ||
| 952 | |0 0 |1 0 |4 0 |6 BIB575 |7 1 |9 62016 |a Arxiu |b Arxiu |d 2022-05-24 |l 0 |o Bib-575 |p 25631 |r 2022-05-24 00:00:00 |w 2022-05-24 |y ARXIU | ||
| 999 | |c 81732 |d 81732 | ||